[Event "Leisure Knockout Tournament"]
[Site "SchemingMind.com"]
[Date "2009.10.23"]
[Round "-"]
[White "Kobiahshi"]
[Black "efreddy"]
[Result "0-1"]
[WhiteCountry "USA"]
[BlackCountry "BEL"]
[WhiteElo "1545"]
[WhiteRD "66"]
[BlackElo "2305"]
[BlackRD "109"]
[GameID "223944"]

1. d4 Nf6 2. c4 c6 3. Nc3 d5 4. Nf3 e6 5. e3 Nbd7 6. Be2 Bd6 7. Bd2 O-O 8. Ne5 Nxe5 9. dxe5 Bxe5 10. cxd5 exd5
11. Bf3 Bf5 12. O-O Qd6 13. g3 Rfd8 14. a3 Ne4 15. Nxe4 dxe4 16. Bg2 Qxd2 17. Qb3 Qxb2 18. Qc4 Qd2 19. Qc5 Rd5 20. Qc4 Bxa1
21. Rxa1 Qd1+ 22. Rxd1 Rxd1+ 23. Bf1 Bh3
0-1

[Event "Leisure Knockout Tournament"]
[Site "SchemingMind.com"]
[Date "2009.10.23"]
[Round "-"]
[White "efreddy"]
[Black "Kobiahshi"]
[Result "1-0"]
[WhiteCountry "BEL"]
[BlackCountry "USA"]
[WhiteElo "2264"]
[WhiteRD "113"]
[BlackElo "1587"]
[BlackRD "68"]
[GameID "223950"]

1. e4 e5 2. Nf3 Nc6 3. Bb5 Bc5 4. O-O Nf6 5. Nxe5 Nxe5 6. d4 c6 7. dxe5 cxb5 8. exf6 Qxf6 9. Nc3 a6 10. Nd5 Qc6
11. b4 Be7 12. Bb2 Bf6 13. Bxf6 gxf6 14. Qd4 h5 15. Nxf6+ Kf8 16. Nxd7+
1-0

[Event "Leisure Knockout Tournament"]
[Site "SchemingMind.com"]
[Date "2010.02.23"]
[Round "-"]
[White "efreddy"]
[Black "ApolloM"]
[Result "0-1"]
[WhiteCountry "BEL"]
[BlackCountry "CZE"]
[WhiteElo "2233"]
[WhiteRD "110"]
[BlackElo "2371"]
[BlackRD "119"]
[GameID "239710"]

1. e4 e6 2. Qe2 c5 3. Nf3 Nc6 4. g3 g6 5. Bg2 Bg7 6. O-O Nge7 7. d3 d5 8. c3 b6 9. Na3 Ba6 10. e5 h6
11. Re1 g5 12. h3 O-O 13. Qd1 Rc8 14. d4 Qd7 15. Nc2 Nf5 16. Ne3 cxd4 17. Nxf5 exf5 18. Qa4 Bb7 19. Nxd4 Bxe5 20. Be3 Rfe8
21. f4 Bxd4 22. Bxd4 gxf4 23. gxf4 Kh7 24. Kh1 Re6 25. Rg1 Qd6 26. Rad1 Nxd4 27. Rxd4 Re2 28. Qb5 Qe6 29. Bf1 Re3 30. Qa4 Rc4
31. Qxa7 Rxd4 32. cxd4 Qe4+ 33. Kh2 Qxf4+ 34. Kh1 Qe4+ 35. Kh2 Qf4+ 36. Kh1 Qc7 37. Qa4 Bc8 38. Qb4 Be6 39. Qf8 Rg3
0-1

[Event "Leisure Knockout Tournament"]
[Site "SchemingMind.com"]
[Date "2010.02.22"]
[Round "-"]
[White "ApolloM"]
[Black "efreddy"]
[Result "1-0"]
[WhiteCountry "CZE"]
[BlackCountry "BEL"]
[WhiteElo "2371"]
[WhiteRD "119"]
[BlackElo "2233"]
[BlackRD "110"]
[GameID "239715"]

1. e4 c5 2. Nf3 d6 3. d4 cxd4 4. Nxd4 Nf6 5. Nc3 e6 6. Be2 Be7 7. O-O O-O 8. f4 a6 9. Be3 Nc6 10. a4 Qc7
11. Qe1 e5 12. Nb3 Nb4 13. Qd2 Be6 14. a5 Qc6 15. f5 Bxb3 16. cxb3 d5 17. exd5 Nfxd5 18. Bf3 Rfd8 19. Bf2 Rd7 20. Qc1 Rad8
21. Nxd5 Nxd5 22. Qxc6 bxc6 23. Rac1 Rd6 24. Rc4 Bg5 25. Rd1 f6 26. Bc5 R6d7 27. h4 Bf4 28. Ba3 Be3+ 29. Kh2 c5 30. Bxc5 Bxc5
31. Rxc5 Nb4 32. Rxd7 Rxd7 33. Rc4 Rd4 34. Rxd4 exd4 35. Kg3 Kf7 36. Kf4 Ke7 37. Ke4 Nc6 38. Kd3 Nxa5 39. Bd5 Kd6 40. Kxd4 Nc6+
41. Bxc6
1-0

[Event "Leisure Knockout Tournament"]
[Site "SchemingMind.com"]
[Date "2010.04.24"]
[Round "-"]
[White "Theodoric"]
[Black "griffimv"]
[Result "0-1"]
[WhiteCountry "ENG"]
[BlackCountry "INT"]
[WhiteElo "2025"]
[WhiteRD "79"]
[BlackElo "2344"]
[BlackRD "104"]
[GameID "246038"]

1. e4 c5 2. c3 Nf6 3. e5 Nd5 4. d4 cxd4 5. Bc4 Qc7 6. Qe2 Nb6 7. Bd3 Nc6 8. Nf3 d5 9. cxd4 Nxd4 10. Nxd4 Qxc1+
11. Qd1 Qxb2 12. Nc2 Qxe5+ 13. Be2 Bg4 14. Nd2 Rc8 15. Ne3 Bxe2 16. Kxe2 d4 17. Nf3 Qb5+
0-1

[Event "Leisure Knockout Tournament"]
[Site "SchemingMind.com"]
[Date "2010.04.24"]
[Round "-"]
[White "griffimv"]
[Black "Theodoric"]
[Result "0-1"]
[WhiteCountry "INT"]
[BlackCountry "ENG"]
[WhiteElo "2057"]
[WhiteRD "89"]
[BlackElo "2047"]
[BlackRD "79"]
[GameID "246042"]

1. e4 e6 2. d4 d5 3. Nc3 Bb4 4. e5 c5 5. a3 Bxc3+ 6. bxc3 Ne7 7. Qg4 O-O 8. Bd3 Ng6 9. h4 c4 10. Bxg6 fxg6
11. h5 Qa5 12. Ne2 g5 13. Bxg5 Qc7 14. h6 Qf7 15. hxg7 Qxg7 16. Ng3 Nc6 17. Rh6 Rf5
0-1

[Event "Leisure Knockout Tournament"]
[Site "SchemingMind.com"]
[Date "2010.08.26"]
[Round "-"]
[White "Oskyrain"]
[Black "Theodoric"]
[Result "1-0"]
[WhiteCountry "ARG"]
[BlackCountry "ENG"]
[WhiteElo "2372"]
[WhiteRD "107"]
[BlackElo "2017"]
[BlackRD "76"]
[GameID "258214"]

1. e4 e6 2. d4 d5 3. e5 c5 4. c3 Nc6 5. Nf3 Qb6 6. a3 c4 7. Nbd2 Na5 8. Be2 Bd7 9. O-O Ne7 10. Rb1 Ng6
11. g3 Be7 12. Qc2 Bb5 13. h4 Qc6 14. b4 cxb3 15. Nxb3 Bxe2 16. Qxe2 Nc4 17. Nfd2 Nxa3 18. Bxa3 Bxa3 19. Na5 Qxc3 20. Qb5+ Kf8
21. Rb3 Qxd4 22. Qxb7 Re8 23. Nc6 Qxd2 24. Rxa3 a5 25. Rxa5 Qxa5 26. Nxa5 Nxe5 27. Rc1 g6 28. Rc7 Kg7 29. Qb2
1-0

[Event "Leisure Knockout Tournament"]
[Site "SchemingMind.com"]
[Date "2010.08.26"]
[Round "-"]
[White "Theodoric"]
[Black "Oskyrain"]
[Result "0-1"]
[WhiteCountry "ENG"]
[BlackCountry "ARG"]
[WhiteElo "2017"]
[WhiteRD "76"]
[BlackElo "2372"]
[BlackRD "107"]
[GameID "258219"]

1. e4 c5 2. c3 Nf6 3. e5 Nd5 4. d4 cxd4 5. Bc4 Qc7 6. Qe2 Nb6 7. Bd3 Nc6 8. Nf3 d5 9. exd6 Qxd6 10. O-O Bg4
11. Re1 O-O-O 12. Rd1 g6 13. h3 Bxf3 14. Qxf3 Ne5 15. Qe2 Bg7 16. cxd4 Nc6 17. Nc3 Nxd4 18. Qf1 Kb8 19. Be3 Qb4 20. a4 Nb3
21. Rab1 Bd4 22. Qe2 f6 23. Bb5 a6 24. Bd3 Rhe8 25. a5 Bxe3 26. Qxe3 Nd5 27. Qg3+ Nf4 28. Ne2 e5 29. Nxf4 exf4 30. Qg4 Nd2
0-1

[Event "Leisure Knockout Tournament"]
[Site "SchemingMind.com"]
[Date "2011.02.16"]
[Round "-"]
[White "ApolloM"]
[Black "Oskyrain"]
[Result "1/2-1/2"]
[WhiteCountry "CZE"]
[BlackCountry "ARG"]
[WhiteElo "2359"]
[WhiteRD "128"]
[BlackElo "2399"]
[BlackRD "107"]
[GameID "275738"]

1. e4 c5 2. Nf3 d6 3. d4 cxd4 4. Nxd4 Nf6 5. Nc3 a6 6. Be3 e6 7. f3 b5 8. Qd2 Nbd7 9. g4 h6 10. O-O-O Bb7
11. h4 b4 12. Na4 Qa5 13. b3 Nc5 14. a3 Nxa4 15. axb4 Qc7 16. bxa4 e5 17. Nb3 d5 18. exd5 Rd8 19. Bd3 Nxd5 20. Bc5 Bxc5
21. Nxc5 O-O 22. Nxb7 Qxb7 23. Be4 Qxb4 24. Qxb4 Nxb4 25. c3 Rc8 26. Kb2 Nc6 27. Rd6 Na5 28. Rxa6 Nc4+ 29. Kb3 Rfd8 30. a5 Nd2+
31. Kb4 Nxe4 32. fxe4 Rd2 33. Rb1 Re2 34. Kb5 Rxc3 35. Rb4 Ra2 36. Ra8+ Kh7 37. Kb6 Rg3 38. h5 Rxg4 39. a6 Rg3 40. Kb7 Rd3
41. Rb6 Rd7+ 42. Kc6 Re7 43. Kc5 Ra5+ 44. Kb4 Ra1 45. Rc6 Rd7 46. Kb3 Rd3+ 47. Kb4 Rd4+ 48. Kb5 Rxe4 49. Rcc8 g5 50. Rh8+ Kg7
51. Rag8+=
1/2-1/2

[Event "Leisure Knockout Tournament"]
[Site "SchemingMind.com"]
[Date "2011.02.16"]
[Round "-"]
[White "Oskyrain"]
[Black "ApolloM"]
[Result "1/2-1/2"]
[WhiteCountry "ARG"]
[BlackCountry "CZE"]
[WhiteElo "2399"]
[WhiteRD "107"]
[BlackElo "2359"]
[BlackRD "128"]
[GameID "275739"]

1. e4 e6 2. d4 d5 3. e5 c5 4. c3 Nc6 5. Nf3 Nge7 6. Na3 cxd4 7. cxd4 Nf5 8. Nc2 Bd7 9. Be2 Qb6 10. O-O Rc8
11. g4 Nfe7 12. Nh4 Ng6 13. Ng2 Be7 14. f4 Nh4 15. Nxh4 Bxh4 16. Kh1 a6 17. f5 h6 18. b3 Nb4 19. Nxb4 Qxb4 20. a4 Qc3
21. Ba3 Bg5 22. Rf3 Be3 23. Bb2 Qxb2 24. Rxe3 Rc7 25. Rb1 Qa2 26. Bd3 Qf2 27. Rf3 Qh4 28. Qd2 h5 29. fxe6 Bxe6 30. g5 O-O
31. Rg1 Rfc8 32. Rf4 Bg4 33. g6 Qg5 34. Rg3 Qh6 35. Rf2 Qxd2 36. Rxd2 fxg6 37. Bxg6 Rc6 38. Bd3 Rf8 39. Kg2 Rf4 40. h3 Be6
41. Rf3 Rxf3 42. Kxf3 Bxh3 43. Kf4 Be6 44. Kg5 Rc3 45. Kxh5 Rxb3 46. Bc2 Ra3 47. Kg5 Rg3+ 48. Kf4 Rg1 49. Rf2 b5 50. axb5 axb5
51. Bd3 Rg4+ 52. Ke3 Rg3+ 53. Kd2 b4 54. Bc2 b3 55. Bd3 Bc8 56. Rf4 b2 57. Bb1 g5 58. Rf6 g4 59. Kc2 Rg2+=
1/2-1/2